Rethinking postcolonialism : colonialist discourse in modern literatures and the legacy of classical writers /

Detalles Bibliográficos
Autor Principal: Acheraïou, Amar
Formato: Libro
Idioma:English
Publicado: Basingstoke [England] ; New York : Palgrave Macmillan, 2008.
Subjects:
Classic Catalogue: View this record in Classic Catalogue
LEADER 01344nam a2200277 a 4500
001 0017778
003 BD-DhAAL
008 090711s2008 enk b 001 0 eng d
010 |a  2008000178 
020 |a 0230552056 (alk. paper) 
020 |a 9780230552050 (alk. paper) 
040 |a DLC  |c DLC  |d BAKER  |d BTCTA  |d YDXCP  |d BWKUK  |d BWX  |d IXA  |d DLC  |d BD-DhAAL 
082 0 0 |a 809.933581  |2 22 
100 1 |a Acheraïou, Amar.  |9 58275 
245 1 0 |a Rethinking postcolonialism :  |b colonialist discourse in modern literatures and the legacy of classical writers /  |c Amar Acheraïou. 
260 |a Basingstoke [England] ;  |a New York :  |b Palgrave Macmillan,  |c 2008. 
300 |a x, 250 p. ;  |c 23 cm 
504 |a Includes bibliographical references (pages 220-244) and index. 
526 |a ENH  |x Sohana Manzoor Faculty Member of BRAC University Course No. : ENG 462 
541 1 |e 00017778  |a Karim International 
650 0 |a Imperialism in literature. 
650 0 |a Imperialism. 
852 4 |a Ayesha Abed Library   |c General Stacks 
942 |2 ddc  |c BK 
999 |c 2253  |d 2253 
952 |0 0  |1 4  |2 ddc  |4 0  |6 809_933581000000000_ACH  |7 0  |9 2077  |a BRACUL  |b BRACUL  |c GEN  |d 2009-07-11  |e Karim International  |g 4875.00  |l 0  |o 809.933581 ACH  |p 3010017778  |r 2009-07-11  |t 1  |w 2009-07-11  |y BK  |x Koha Inventory 2020 ; Requisitioned by Sohana Manzoor (Faculty member of BRAC University) for the course no. ENG 462..